<?xml version="1.0" encoding="UTF-8"?>
<record
    xmlns:xsi="http://www.w3.org/2001/XMLSchema-instance"
    xsi:schemaLocation="http://www.loc.gov/MARC21/slim http://www.loc.gov/standards/marcxml/schema/MARC21slim.xsd"
    xmlns="http://www.loc.gov/MARC21/slim">

  <leader>00957cam a2200253 a 4500</leader>
  <controlfield tag="001">2537</controlfield>
  <controlfield tag="005">20250428144520.0</controlfield>
  <datafield tag="020" ind1=" " ind2=" ">
    <subfield code="a">9780590438292</subfield>
  </datafield>
  <datafield tag="040" ind1=" " ind2=" ">
    <subfield code="a">DLC</subfield>
    <subfield code="c">DLC</subfield>
    <subfield code="d">DLC</subfield>
    <subfield code="b">eng </subfield>
  </datafield>
  <datafield tag="050" ind1="0" ind2="0">
    <subfield code="a">JV6484.L49</subfield>
  </datafield>
  <datafield tag="082" ind1="0" ind2="0">
    <subfield code="a">325.73</subfield>
  </datafield>
  <datafield tag="100" ind1="1" ind2=" ">
    <subfield code="a">Levine, Ellen</subfield>
  </datafield>
  <datafield tag="245" ind1="1" ind2="0">
    <subfield code="a">If your name was changed at Ellis Island /</subfield>
    <subfield code="c">by Ellen Levine ; illustrated by Wayne Parmenter</subfield>
  </datafield>
  <datafield tag="250" ind1=" " ind2=" ">
    <subfield code="a">This edition first printing, September 2006</subfield>
  </datafield>
  <datafield tag="260" ind1=" " ind2=" ">
    <subfield code="a">New York :</subfield>
    <subfield code="b">Scholastic,</subfield>
    <subfield code="c">1993</subfield>
  </datafield>
  <datafield tag="300" ind1=" " ind2=" ">
    <subfield code="a">80 pages : </subfield>
    <subfield code="b">color illustrations ;</subfield>
    <subfield code="c">20 cm </subfield>
  </datafield>
  <datafield tag="505" ind1=" " ind2=" ">
    <subfield code="a">W 
</subfield>
  </datafield>
  <datafield tag="520" ind1=" " ind2=" ">
    <subfield code="a">Describes, in question and answer format, the great migration of immigrants to New York's Ellis Island, from the 1880s to 1914. Features quotes from children and adults who passed through the station.</subfield>
  </datafield>
  <datafield tag="521" ind1=" " ind2=" ">
    <subfield code="a">880 
</subfield>
    <subfield code="b">Lexile 
</subfield>
  </datafield>
  <datafield tag="521" ind1=" " ind2=" ">
    <subfield code="a">W 
</subfield>
    <subfield code="b">Raz-Plus 
</subfield>
  </datafield>
  <datafield tag="700" ind1="1" ind2=" ">
    <subfield code="a">Parmenter, Wayne,</subfield>
    <subfield code="e">illustrator </subfield>
  </datafield>
  <datafield tag="906" ind1=" " ind2=" ">
    <subfield code="a">7</subfield>
    <subfield code="b">cbc</subfield>
    <subfield code="c">origcop</subfield>
    <subfield code="d">2</subfield>
    <subfield code="e">epcn</subfield>
    <subfield code="f">20</subfield>
    <subfield code="g">y-gencatlg</subfield>
  </datafield>
  <datafield tag="942" ind1=" " ind2=" ">
    <subfield code="2">ddc</subfield>
    <subfield code="c">BK</subfield>
    <subfield code="n">0</subfield>
  </datafield>
  <datafield tag="999" ind1=" " ind2=" ">
    <subfield code="c">2537</subfield>
    <subfield code="d">2537</subfield>
  </datafield>
  <datafield tag="952" ind1=" " ind2=" ">
    <subfield code="0">0</subfield>
    <subfield code="1">0</subfield>
    <subfield code="2">ddc</subfield>
    <subfield code="4">0</subfield>
    <subfield code="7">0</subfield>
    <subfield code="8">NFIC</subfield>
    <subfield code="a">002</subfield>
    <subfield code="b">002</subfield>
    <subfield code="c">SNS</subfield>
    <subfield code="d">2023-12-14</subfield>
    <subfield code="l">0</subfield>
    <subfield code="o">LEW 325.73 JV6484.L49</subfield>
    <subfield code="p">FISTK01560</subfield>
    <subfield code="r">2023-12-14 13:20:50</subfield>
    <subfield code="t">1</subfield>
    <subfield code="w">2023-12-14</subfield>
    <subfield code="y">BK</subfield>
  </datafield>
  <datafield tag="952" ind1=" " ind2=" ">
    <subfield code="0">0</subfield>
    <subfield code="1">0</subfield>
    <subfield code="2">ddc</subfield>
    <subfield code="4">0</subfield>
    <subfield code="7">0</subfield>
    <subfield code="8">NFIC</subfield>
    <subfield code="a">001</subfield>
    <subfield code="b">001</subfield>
    <subfield code="c">ATKSNF</subfield>
    <subfield code="d">2025-01-30</subfield>
    <subfield code="l">0</subfield>
    <subfield code="o">LEW 325.73 JV6484.L49</subfield>
    <subfield code="p">FISTK01562</subfield>
    <subfield code="r">2025-01-30 10:55:38</subfield>
    <subfield code="t">2</subfield>
    <subfield code="w">2025-01-30</subfield>
    <subfield code="y">BK</subfield>
  </datafield>
  <datafield tag="952" ind1=" " ind2=" ">
    <subfield code="0">0</subfield>
    <subfield code="1">0</subfield>
    <subfield code="2">ddc</subfield>
    <subfield code="4">0</subfield>
    <subfield code="7">0</subfield>
    <subfield code="8">NFIC</subfield>
    <subfield code="a">001</subfield>
    <subfield code="b">001</subfield>
    <subfield code="c">ATKSNF</subfield>
    <subfield code="d">2025-04-28</subfield>
    <subfield code="l">0</subfield>
    <subfield code="o">LEW 325.73 JV6484.L49</subfield>
    <subfield code="p">FISTK01565</subfield>
    <subfield code="r">2025-04-28 14:45:18</subfield>
    <subfield code="t">3</subfield>
    <subfield code="w">2025-04-28</subfield>
    <subfield code="y">BK</subfield>
  </datafield>
</record>
